| 000 | 00671cam a22002052 4500 | ||
|---|---|---|---|
| 001 | 0000000138 | ||
| 005 | 20151021151038.0 | ||
| 008 | 070111s xx 000 0 eng d | ||
| 020 |
_a0471322083 : _cGBP 36.00 |
||
| 040 |
_aKABU _cKABU |
||
| 100 | 1 |
_aBraude, Eric J. _@0000159252 |
|
| 245 | 1 | 0 |
_aSoftware engineering : _ban object-oriented perspective / _cEric J. Braude. |
| 260 |
_aNew York : _bJohn Wiley, _c2001. |
||
| 300 | _axxiii, 535 p. | ||
| 650 | 0 |
_aSoftware engineering. _@0000154311 |
|
| 650 | 0 |
_aObject oriented programming (Computer science) _@0000148166 |
|
| 908 | _a070111 | ||
| 950 | _@1 | ||
| 999 |
_c25 _d25 |
||